Language Quiz

Random Language Quiz

Verbosmásdifícl Quiz Stats

 Plays Quiz not verified by Sporcle

Challenge
Share
Tweet
Embed
Score 0/69 Timer 10:00
0 Plays Today
% Correct
soler
100%
contar
100%
madrugar
66.7%
apatecer
66.7%
tratar
66.7%
sobrevivir
66.7%
relacionar
66.7%
versar
66.7%
guardar
66.7%
declararse
66.7%
alojar
66.7%
colgar
66.7%
tutear
66.7%
estropear
66.7%
amenazar
66.7%
fulgurar
66.7%
colocar
66.7%
caber
66.7%
torcer
66.7%
acabar
66.7%
grabar
66.7%
asustarse
66.7%
aprestar
66.7%
reaccionar
66.7%
aprobar
66.7%
regresar
66.7%
estrellar
66.7%
rescatar
66.7%
contratar
66.7%
conseguir
66.7%
perseguir
66.7%
desarollar
66.7%
pinchar
66.7%
crecer
66.7%
merecer
66.7%
% Correct
impedir
66.7%
rechazar
66.7%
mejorar
66.7%
aumentar
66.7%
pertenecer
66.7%
derramar
66.7%
moler
66.7%
ligar
66.7%
apoyar
66.7%
centralizar
66.7%
exigir, reivindicar
66.7%
cobrar
66.7%
bajar, descagar
66.7%
deletrear
66.7%
comprobar
66.7%
anochecer
66.7%
amanacer
66.7%
apuntar
66.7%
invertir
66.7%
restar
33.3%
resbalar
33.3%
pasear
33.3%
proporcionar
33.3%
dirigir
33.3%
aprovechar
33.3%
agregar
0%
regatear
0%
reemplezar
0%
situar
0%
alejar
0%
marchar
0%
atropellar
0%
0%
0%

You're not logged in!

Compare scores with friends on all Sporcle quizzes.
Join for Free
OR
Log In

You Might Also Like...

Show Comments

Extras

Created Jun 22, 2010ReportFavoriteNominate

Top Quizzes Today


Score Distribution

Your Account Isn't Verified!

In order to create a playlist on Sporcle, you need to verify the email address you used during registration. Go to your Sporcle Settings to finish the process.

Report this User

Report this user for behavior that violates our Community Guidelines.

Details: